Singer By Tour Name - Statistics

General Stats
  • This quiz has been taken 84 times
  • The average score is 8 of 15
Answer Stats
Hint Answer % Correct
The Eras Tour Taylor Swift
94%
Cowboy Carter Tour Beyoncé
84%
Shortn' Sweet Tour Sabrina Carpenter
72%
HIT ME HARD AND SOFT TOUR Billie Eilish
69%
GUTS : World Tour Olivia Rodrigo
66%
Eternal Sunshine Tour Ariana Grande
59%
CHROMAKOPIA : THE WORLD TOUR Tyler, The Creator
56%
The MAYHEM Ball Lady Gaga
50%
After Hours Till Dawn Tour The Weeknd
47%
Music Of The Spheres Coldplay
38%
The Lifetime Tour Katy Perry
38%
Miss Possessive Tour Tate Mcrae
31%
DEADLINE World Tour BLACKPINK
28%
Grand National Tour Kendrick Lamar
25%
American Heart World Tour Benson Boone
13%
No matching quizzes found
Score Distribution
Percent of People with Each Score
Percentile by Number Answered
Your Score History
You have not taken this quiz